[Event "46th Greek Team Championship"]
[Site "chess24.com"]
[Date "2018.07.13"]
[Round "5"]
[White "Havanecz, Bianka"]
[Black "Cibickova, Zuzana"]
[Result "1/2-1/2"]
[Board "5"]
[WhiteElo "2193"]
[WhiteTitle "WIM"]
[WhiteCountry "HUN"]
[WhiteFideId "704814"]
[WhiteEloChange "3"]
[BlackElo "2292"]
[BlackTitle "WGM"]
[BlackCountry "SVK"]
[BlackFideId "14905779"]
[BlackEloChange "-3"]

1. d4 {[%clk 1:30:58]} d5 {[%clk 1:30:52]} 2. c4 {[%clk 1:31:24]} c6 {[%clk
1:31:19]} 3. cxd5 {[%clk 1:31:48]} cxd5 {[%clk 1:31:44]} 4. Bf4 {[%clk 1:32:12]}
Nc6 {[%clk 1:32:08]} 5. e3 {[%clk 1:32:36]} Nf6 {[%clk 1:32:13]} 6. Nc3 {[%clk
1:33:00]} Bf5 {[%clk 1:32:20]} 7. Qb3 {[%clk 1:32:51]} Na5 {[%clk 1:31:15]} 8.
Qa4+ {[%clk 1:33:11]} Bd7 {[%clk 1:31:31]} 9. Qd1 {[%clk 1:33:34]} e6 {[%clk
1:29:14]} 10. Bd3 {[%clk 1:33:57]} Bb4 {[%clk 1:26:54]} 11. Ne2 {[%clk 1:34:06]}
O-O {[%clk 1:18:52]} 12. a3 {[%clk 1:33:52]} Be7 {[%clk 1:15:06]} 13. h3 {[%clk
1:33:01]} Rc8 {[%clk 1:13:00]} 14. O-O {[%clk 1:33:23]} Qb6 {[%clk 1:11:06]} 15.
b4 {[%clk 1:32:54]} Nc4 {[%clk 1:10:37]} 16. Ra2 {[%clk 1:32:52]} h6 {[%clk
0:53:36]} 17. Na4 {[%clk 1:31:02]} Bxa4 {[%clk 0:47:24]} 18. Qxa4 {[%clk
1:31:25]} Bd6 {[%clk 0:44:55]} 19. Rc2 {[%clk 1:23:40]} Bxf4 {[%clk 0:44:06]} 20.
Nxf4 {[%clk 1:24:03]} Nd6 {[%clk 0:35:23]} 21. Rfc1 {[%clk 1:23:49]} Rxc2 {[%clk
0:34:37]} 22. Rxc2 {[%clk 1:24:02]} Rc8 {[%clk 0:28:44]} 23. Rxc8+ {[%clk
1:19:18]} Nxc8 {[%clk 0:29:12]} 24. Qc2 {[%clk 1:19:29]} Nd6 {[%clk 0:29:08]} 25.
Ne2 {[%clk 1:15:35]} Kf8 {[%clk 0:26:22]} 26. Qc5 {[%clk 1:04:03]} Nd7 {[%clk
0:26:24]} 27. Qxb6 {[%clk 1:03:10]} Nxb6 {[%clk 0:25:53]} 28. Nc3 {[%clk
1:03:03]} Ke7 {[%clk 0:25:44]} 29. Kf1 {[%clk 1:02:52]} a6 {[%clk 0:16:52]} 30.
Ke2 {[%clk 1:01:17]} Nbc4 {[%clk 0:16:50]} 31. a4 {[%clk 1:00:49]} b6 {[%clk
0:14:42]} 32. f3 {[%clk 1:00:08]} a5 {[%clk 0:13:44]} 33. bxa5 {[%clk 1:00:20]}
bxa5 {[%clk 0:13:56]} 34. e4 {[%clk 0:54:36]} Nb6 {[%clk 0:14:11]} 1/2-1/2

[Event "46th Greek Team Championship"]
[Site "chess24.com"]
[Date "2018.07.13"]
[Round "5"]
[White "Serpetsidaki, Eva"]
[Black "Zacharia, Aikaterini-Eirini"]
[Result "1-0"]
[Board "6"]
[WhiteElo "1591"]
[WhiteCountry "GRE"]
[WhiteFideId "4248902"]
[WhiteEloChange "2"]
[BlackElo "1234"]
[BlackCountry "GRE"]
[BlackFideId "25813072"]
[BlackEloChange "-2"]

1. e4 {[%clk 1:30:58]} e5 {[%clk 1:30:54]} 2. Nf3 {[%clk 1:31:23]} Nc6 {[%clk
1:31:18]} 3. Bb5 {[%clk 1:31:50]} a6 {[%clk 1:31:41]} 4. Ba4 {[%clk 1:32:17]} Nf6
{[%clk 1:32:01]} 5. O-O {[%clk 1:32:42]} Be7 {[%clk 1:32:05]} 6. Re1 {[%clk
1:33:06]} b5 {[%clk 1:32:24]} 7. Bb3 {[%clk 1:33:32]} d6 {[%clk 1:32:19]} 8. c3
{[%clk 1:33:57]} Na5 {[%clk 1:31:22]} 9. Bc2 {[%clk 1:34:21]} c5 {[%clk 1:28:48]}
10. h3 {[%clk 1:34:43]} O-O {[%clk 1:28:38]} 11. d4 {[%clk 1:34:44]} Qc7 {[%clk
1:28:13]} 12. Nbd2 {[%clk 1:34:54]} cxd4 {[%clk 1:27:48]} 13. cxd4 {[%clk
1:35:17]} Nc6 {[%clk 1:27:34]} 14. Nf1 {[%clk 1:35:37]} Nxd4 {[%clk 1:13:34]} 15.
Nxd4 {[%clk 1:35:46]} exd4 {[%clk 1:13:54]} 16. Bb3 {[%clk 1:35:11]} Qc5 {[%clk
0:59:44]} 17. Bf4 {[%clk 1:35:29]} Rd8 {[%clk 0:45:21]} 18. Qd3 {[%clk 1:34:17]}
Be6 {[%clk 0:38:11]} 19. Rad1 {[%clk 1:33:11]} Nh5 {[%clk 0:36:02]} 20. Bc1
{[%clk 1:31:57]} Bxb3 {[%clk 0:31:29]} 21. Qxb3 {[%clk 1:29:29]} Nf6 {[%clk
0:26:49]} 22. Qd3 {[%clk 1:29:37]} Rac8 {[%clk 0:23:04]} 23. Qxd4 {[%clk
1:28:28]} Qxd4 {[%clk 0:23:19]} 24. Rxd4 {[%clk 1:28:52]} Bf8 {[%clk 0:19:36]}
25. Red1 {[%clk 1:23:45]} Rc7 {[%clk 0:13:46]} 26. Bg5 {[%clk 1:23:05]} Rdc8
{[%clk 0:10:00]} 27. Bxf6 {[%clk 1:19:35]} gxf6 {[%clk 0:10:26]} 28. Ne3 {[%clk
1:19:58]} a5 {[%clk 0:06:40]} 29. Kf1 {[%clk 1:15:41]} Re8 {[%clk 0:05:49]} 30.
f3 {[%clk 1:15:35]} b4 {[%clk 0:03:31]} 31. Nd5 {[%clk 1:15:49]} Rec8 {[%clk
0:00:52]} 32. Nxc7 {[%clk 1:15:05]} Rxc7 {[%clk 0:01:18]} 33. R1d2 {[%clk
1:14:09]} Rc1+ {[%clk 0:00:51]} 34. Ke2 {[%clk 1:14:33]} Bh6 {[%clk 0:00:56]} 35.
Rxd6 {[%clk 1:13:08]} Bxd2 {[%clk 0:00:36]} 36. Rxd2 {[%clk 1:13:33]} Rc5 {[%clk
0:00:35]} 37. Ke3 {[%clk 1:12:26]} Kf8 {[%clk 0:00:47]} 38. Kf4 {[%clk 1:12:31]}
Ke7 {[%clk 0:00:57]} 39. g4 {[%clk 1:08:08]} Ke6 {[%clk 0:00:58]} 40. h4 {[%clk
1:38:25]} h6 {[%clk 0:31:05]} 41. h5 {[%clk 1:38:26]} Rb5 {[%clk 0:26:25]} 42. b3
{[%clk 1:12:40]} Rc5 {[%clk 0:16:37]} 43. Rd5 {[%clk 1:02:07]} Rxd5 {[%clk
0:04:49]} 44. exd5+ {[%clk 1:02:28]} Kxd5 {[%clk 0:05:15]} 45. Kf5 {[%clk
1:02:53]} Kd4 {[%clk 0:05:18]} 46. Kxf6 {[%clk 1:03:18]} Kc3 {[%clk 0:05:18]} 47.
Kg7 {[%clk 1:03:42]} a4 {[%clk 0:05:18]} 48. bxa4 {[%clk 1:02:48]} Kb2 {[%clk
0:05:13]} 49. a5 {[%clk 1:03:15]} Kxa2 {[%clk 0:05:21]} 50. a6 {[%clk 1:03:41]}
b3 {[%clk 0:05:09]} 51. a7 {[%clk 1:04:08]} b2 {[%clk 0:04:49]} 52. a8Q+ {[%clk
1:04:32]} Kb1 {[%clk 0:04:31]} 53. Kxh6 {[%clk 1:04:57]} 1-0

[Event "46th Greek Team Championship"]
[Site "chess24.com"]
[Date "2018.07.13"]
[Round "5"]
[White "Boruchovsky, Avital"]
[Black "Kanellopoulos, Panayotis"]
[Result "1/2-1/2"]
[Board "1"]
[WhiteElo "2558"]
[WhiteTitle "GM"]
[WhiteCountry "ISR"]
[WhiteFideId "2800055"]
[WhiteEloChange "-4"]
[BlackElo "2239"]
[BlackCountry "GRE"]
[BlackFideId "4205928"]
[BlackEloChange "7"]

1. e4 {[%clk 1:30:57]} c5 {[%clk 1:30:34]} 2. Nf3 {[%clk 1:31:15]} d6 {[%clk
1:30:45]} 3. Bb5+ {[%clk 1:31:32]} Nd7 {[%clk 1:30:23]} 4. O-O {[%clk 1:31:45]}
Nf6 {[%clk 1:30:02]} 5. Re1 {[%clk 1:32:09]} a6 {[%clk 1:28:22]} 6. Bf1 {[%clk
1:32:31]} e5 {[%clk 1:26:04]} 7. c3 {[%clk 1:31:54]} Be7 {[%clk 1:24:21]} 8. d4
{[%clk 1:31:44]} cxd4 {[%clk 1:24:16]} 9. cxd4 {[%clk 1:32:08]} O-O {[%clk
1:24:41]} 10. a4 {[%clk 1:30:13]} b6 {[%clk 1:21:50]} 11. Nc3 {[%clk 1:29:47]}
Bb7 {[%clk 1:21:39]} 12. Bd3 {[%clk 1:24:11]} Re8 {[%clk 1:14:29]} 13. d5 {[%clk
1:24:16]} Rf8 {[%clk 1:12:44]} 14. Nd2 {[%clk 1:23:07]} Ne8 {[%clk 1:10:29]} 15.
Nc4 {[%clk 1:23:23]} Rc8 {[%clk 1:00:15]} 16. Be3 {[%clk 1:20:42]} Bg5 {[%clk
0:54:37]} 17. Qb3 {[%clk 1:18:53]} Bxe3 {[%clk 0:50:09]} 18. Rxe3 {[%clk
1:19:15]} Rc5 {[%clk 0:44:48]} 19. Qa3 {[%clk 1:13:46]} Qb8 {[%clk 0:35:05]} 20.
b4 {[%clk 1:05:11]} Rc8 {[%clk 0:33:27]} 21. h4 {[%clk 1:05:16]} Rd8 {[%clk
0:30:42]} 22. Rc1 {[%clk 1:00:54]} Bc8 {[%clk 0:29:38]} 23. Ne2 {[%clk 0:58:48]}
Ndf6 {[%clk 0:26:59]} 24. Ng3 {[%clk 0:57:47]} Qa7 {[%clk 0:26:24]} 25. Be2
{[%clk 0:54:47]} g6 {[%clk 0:23:09]} 26. a5 {[%clk 0:51:56]} b5 {[%clk 0:23:22]}
27. Nb6 {[%clk 0:52:20]} Bb7 {[%clk 0:23:02]} 28. Rf3 {[%clk 0:49:07]} Qb8 {[%clk
0:19:08]} 29. Qe3 {[%clk 0:48:36]} Nd7 {[%clk 0:16:39]} 30. h5 {[%clk 0:40:10]}
Nxb6 {[%clk 0:16:55]} 31. Qxb6 {[%clk 0:40:01]} Rd7 {[%clk 0:16:40]} 32. Rcc3
{[%clk 0:23:12]} Qd8 {[%clk 0:16:42]} 33. hxg6 {[%clk 0:23:34]} hxg6 {[%clk
0:16:20]} 34. Qe3 {[%clk 0:22:18]} f6 {[%clk 0:11:39]} 35. Qh6 {[%clk 0:22:25]}
Rg7 {[%clk 0:11:12]} 36. Nf1 {[%clk 0:21:08]} f5 {[%clk 0:09:19]} 37. exf5 {[%clk
0:17:30]} Bxd5 {[%clk 0:08:58]} 38. fxg6 {[%clk 0:17:54]} Bxf3 {[%clk 0:06:58]}
39. Bxf3 {[%clk 0:18:22]} Rf6 {[%clk 0:01:51]} 40. Bd5+ {[%clk 0:47:50]} Kf8
{[%clk 0:32:17]} 41. Ng3 {[%clk 0:47:59]} Ke7 {[%clk 0:17:15]} 42. Qh3 {[%clk
0:46:40]} Qd7 {[%clk 0:05:51]} 43. Qxd7+ {[%clk 0:46:53]} Kxd7 {[%clk 0:06:19]}
44. Bc6+ {[%clk 0:47:15]} Kd8 {[%clk 0:06:13]} 45. Bxe8 {[%clk 0:47:40]} Kxe8
{[%clk 0:06:40]} 46. Nh5 {[%clk 0:48:04]} Rgxg6 {[%clk 0:06:15]} 47. Nxf6+ {[%clk
0:48:15]} Rxf6 {[%clk 0:06:44]} 48. Rc6 {[%clk 0:46:59]} Kd7 {[%clk 0:06:56]} 49.
Rxa6 {[%clk 0:47:23]} Rf4 {[%clk 0:07:25]} 50. Ra8 {[%clk 0:43:59]} Rxb4 {[%clk
0:07:47]} 51. a6 {[%clk 0:44:26]} Ra4 {[%clk 0:08:07]} 52. a7 {[%clk 0:42:44]}
Ra1+ {[%clk 0:07:10]} 53. Kh2 {[%clk 0:43:09]} Kc7 {[%clk 0:07:30]} 54. g4 {[%clk
0:43:23]} b4 {[%clk 0:06:19]} 55. g5 {[%clk 0:43:45]} b3 {[%clk 0:06:29]} 56. g6
{[%clk 0:42:42]} b2 {[%clk 0:06:11]} 57. Rb8 {[%clk 0:43:10]} Rxa7 {[%clk
0:06:12]} 58. g7 {[%clk 0:33:55]} Rb7 {[%clk 0:03:04]} 59. Rh8 {[%clk 0:30:50]}
b1Q {[%clk 0:02:45]} 60. g8Q {[%clk 0:31:15]} Kc6 {[%clk 0:01:31]} 61. Rh3 {[%clk
0:18:19]} Qb4 {[%clk 0:01:58]} 62. Qc8+ {[%clk 0:15:23]} Kb6 {[%clk 0:01:53]} 63.
Qd8+ {[%clk 0:14:52]} Kc6 {[%clk 0:01:51]} 64. Qc8+ {[%clk 0:14:07]} Kb6 {[%clk
0:02:16]} 65. Qd8+ {[%clk 0:14:33]} Kc6 {[%clk 0:02:38]} 66. Qc8+ {[%clk
0:14:33]} 1/2-1/2

[Event "46th Greek Team Championship"]
[Site "chess24.com"]
[Date "2018.07.13"]
[Round "5"]
[White "Kokkalis, Vasilios"]
[Black "Galopoulos, Nikolaos"]
[Result "0-1"]
[Board "2"]
[WhiteElo "2149"]
[WhiteCountry "GRE"]
[WhiteFideId "4205901"]
[WhiteEloChange "-5"]
[BlackElo "2351"]
[BlackCountry "GRE"]
[BlackFideId "4208951"]
[BlackEloChange "5"]

1. d4 {[%clk 1:30:50]} Nf6 {[%clk 1:30:59]} 2. c4 {[%clk 1:31:14]} e6 {[%clk
1:31:25]} 3. Nc3 {[%clk 1:31:38]} Bb4 {[%clk 1:31:53]} 4. e3 {[%clk 1:31:36]} b6
{[%clk 1:32:15]} 5. Ne2 {[%clk 1:27:43]} Bb7 {[%clk 1:32:36]} 6. a3 {[%clk
1:28:03]} Bd6 {[%clk 1:33:04]} 7. b4 {[%clk 1:22:42]} O-O {[%clk 1:32:12]} 8. Bb2
{[%clk 1:21:16]} Ng4 {[%clk 1:29:53]} 9. Nf4 {[%clk 1:08:24]} Qh4 {[%clk
1:21:01]} 10. g3 {[%clk 1:06:18]} Qh6 {[%clk 1:21:23]} 11. d5 {[%clk 1:01:49]} f5
{[%clk 1:21:02]} 12. Bg2 {[%clk 0:59:12]} e5 {[%clk 1:19:21]} 13. h3 {[%clk
0:42:34]} Nxe3 {[%clk 0:57:22]} 14. fxe3 {[%clk 0:40:56]} exf4 {[%clk 0:57:10]}
15. exf4 {[%clk 0:40:47]} a5 {[%clk 0:57:22]} 16. b5 {[%clk 0:33:52]} Bc5 {[%clk
0:56:36]} 17. Ne2 {[%clk 0:33:12]} Re8 {[%clk 0:54:36]} 18. Qd3 {[%clk 0:29:37]}
Qh5 {[%clk 0:51:59]} 19. Bf3 {[%clk 0:23:20]} Qg6 {[%clk 0:52:20]} 20. Kd2 {[%clk
0:22:39]} Re3 {[%clk 0:50:47]} 21. Qxe3 {[%clk 0:20:21]} Bxe3+ {[%clk 0:50:50]}
22. Kxe3 {[%clk 0:20:49]} d6 {[%clk 0:51:11]} 23. g4 {[%clk 0:19:41]} Nd7 {[%clk
0:51:36]} 24. Rag1 {[%clk 0:13:54]} Re8+ {[%clk 0:51:17]} 25. Kd2 {[%clk
0:11:50]} Nc5 {[%clk 0:48:33]} 26. gxf5 {[%clk 0:09:28]} Qxf5 {[%clk 0:48:34]}
27. Rxg7+ {[%clk 0:08:01]} Kf8 {[%clk 0:48:25]} 28. Rhg1 {[%clk 0:01:19]} Qd3+
{[%clk 0:47:59]} 29. Ke1 {[%clk 0:01:49]} Qb1+ {[%clk 0:48:22]} 30. Kf2 {[%clk
0:01:04]} Nd3+ {[%clk 0:47:22]} 31. Kg2 {[%clk 0:00:51]} Qxb2 {[%clk 0:47:51]}
32. Rxh7 {[%clk 0:00:47]} Rxe2+ {[%clk 0:48:16]} 0-1

[Event "46th Greek Team Championship"]
[Site "chess24.com"]
[Date "2018.07.13"]
[Round "5"]
[White "Antoniadou, Paraskevi"]
[Black "Fertaki, Eleftheria"]
[Result "1-0"]
[Board "5"]
[WhiteElo "1764"]
[WhiteCountry "GRE"]
[WhiteFideId "4220676"]
[WhiteEloChange "2"]
[BlackElo "1139"]
[BlackCountry "GRE"]
[BlackFideId "25803204"]
[BlackEloChange "-2"]

1. e4 {[%clk 1:30:57]} c5 {[%clk 1:30:51]} 2. Nf3 {[%clk 1:31:21]} e6 {[%clk
1:31:11]} 3. c3 {[%clk 1:31:43]} Nf6 {[%clk 1:30:46]} 4. e5 {[%clk 1:31:55]} Nd5
{[%clk 1:31:04]} 5. d4 {[%clk 1:31:52]} Nc6 {[%clk 1:28:56]} 6. Bc4 {[%clk
1:29:44]} Nb6 {[%clk 1:24:32]} 7. Bb3 {[%clk 1:28:46]} cxd4 {[%clk 1:23:21]} 8.
cxd4 {[%clk 1:29:03]} d6 {[%clk 1:14:54]} 9. Qe2 {[%clk 1:25:43]} Qc7 {[%clk
1:13:47]} 10. O-O {[%clk 1:24:56]} Be7 {[%clk 1:12:47]} 11. Nc3 {[%clk 1:24:34]}
a6 {[%clk 1:11:37]} 12. Re1 {[%clk 1:20:14]} O-O {[%clk 1:11:01]} 13. a3 {[%clk
1:19:18]} Nd7 {[%clk 0:59:08]} 14. Bc2 {[%clk 1:14:27]} b6 {[%clk 0:54:51]} 15.
Qd3 {[%clk 1:04:32]} g6 {[%clk 0:47:56]} 16. Qe3 {[%clk 1:01:13]} Re8 {[%clk
0:34:08]} 17. Bd2 {[%clk 0:55:30]} Bf8 {[%clk 0:32:35]} 18. Qe2 {[%clk 0:41:50]}
Bg7 {[%clk 0:27:41]} 19. exd6 {[%clk 0:36:16]} Qxd6 {[%clk 0:27:16]} 20. d5
{[%clk 0:29:18]} Nd8 {[%clk 0:22:44]} 21. dxe6 {[%clk 0:22:42]} Nxe6 {[%clk
0:21:54]} 22. Rad1 {[%clk 0:19:51]} Qc7 {[%clk 0:20:28]} 23. Ng5 {[%clk 0:16:21]}
Bb7 {[%clk 0:19:31]} 24. Qg4 {[%clk 0:14:33]} Nf6 {[%clk 0:18:18]} 25. Nxe6
{[%clk 0:12:39]} Rxe6 {[%clk 0:16:27]} 26. Qg3 {[%clk 0:12:53]} Qxg3 {[%clk
0:16:20]} 27. hxg3 {[%clk 0:13:18]} Rae8 {[%clk 0:14:32]} 28. Bb3 {[%clk
0:11:59]} Rxe1+ {[%clk 0:14:29]} 29. Bxe1 {[%clk 0:11:19]} Kf8 {[%clk 0:13:36]}
30. Na4 {[%clk 0:09:46]} b5 {[%clk 0:10:43]} 31. Bb4+ {[%clk 0:09:34]} Kg8 {[%clk
0:10:50]} 32. Nc5 {[%clk 0:09:23]} Bc8 {[%clk 0:09:48]} 33. Rd6 {[%clk 0:08:33]}
Ng4 {[%clk 0:07:19]} 34. Nd3 {[%clk 0:02:25]} h5 {[%clk 0:04:11]} 35. Rxg6 {[%clk
0:01:45]} Bf5 {[%clk 0:01:52]} 36. Rd6 {[%clk 0:02:10]} Bxd3 {[%clk 0:01:50]} 37.
Rxd3 {[%clk 0:02:34]} Bxb2 {[%clk 0:01:58]} 38. Rf3 {[%clk 0:02:09]} Nf6 {[%clk
0:01:20]} 39. Kf1 {[%clk 0:01:38]} Kg7 {[%clk 0:01:23]} 40. Bc2 {[%clk 0:31:18]}
Bd4 {[%clk 0:30:39]} 41. Bb3 {[%clk 0:26:24]} Bb2 {[%clk 0:24:47]} 42. Rf5 {[%clk
0:23:10]} Kg6 {[%clk 0:16:09]} 43. Rc5 {[%clk 0:20:49]} Kg7 {[%clk 0:14:29]} 44.
Rc7 {[%clk 0:20:35]} Ng4 {[%clk 0:10:16]} 45. Rxf7+ {[%clk 0:19:31]} Kg6 {[%clk
0:09:19]} 46. Rd7 {[%clk 0:18:18]} a5 {[%clk 0:07:26]} 47. Bf7+ {[%clk 0:18:18]}
Kf5 {[%clk 0:05:08]} 48. Bxe8 {[%clk 0:18:07]} axb4 {[%clk 0:04:27]} 49. axb4
{[%clk 0:18:15]} Ne5 {[%clk 0:04:10]} 50. Rd5 {[%clk 0:17:57]} Kf6 {[%clk
0:03:37]} 51. Rxb5 {[%clk 0:18:04]} Bc3 {[%clk 0:03:35]} 52. Bxh5 {[%clk
0:18:01]} Nd3 {[%clk 0:03:44]} 53. Ke2 {[%clk 0:16:01]} Nxb4 {[%clk 0:03:52]} 54.
f4 {[%clk 0:14:50]} Kg7 {[%clk 0:03:21]} 55. g4 {[%clk 0:14:55]} Na6 {[%clk
0:01:45]} 56. Rb7+ {[%clk 0:14:22]} Kg8 {[%clk 0:01:46]} 57. g5 {[%clk 0:14:08]}
Nb4 {[%clk 0:01:14]} 58. f5 {[%clk 0:12:34]} Nd5 {[%clk 0:01:33]} 59. Kf3 {[%clk
0:12:26]} Bg7 {[%clk 0:00:40]} 60. Bf7+ {[%clk 0:12:36]} Kf8 {[%clk 0:00:50]} 61.
Bxd5 {[%clk 0:13:00]} Be5 {[%clk 0:00:52]} 62. Ke4 {[%clk 0:12:59]} Bg7 {[%clk
0:00:59]} 63. f6 {[%clk 0:13:09]} Bxf6 {[%clk 0:01:20]} 64. gxf6 {[%clk 0:13:31]}
Ke8 {[%clk 0:01:46]} 65. f7+ {[%clk 0:13:39]} Kf8 {[%clk 0:01:54]} 66. Rb8+
{[%clk 0:14:01]} Kg7 {[%clk 0:02:18]} 67. f8Q+ {[%clk 0:14:24]} Kh7 {[%clk
0:02:30]} 68. Rb7+ {[%clk 0:14:40]} Kg6 {[%clk 0:02:47]} 69. Qf5+ {[%clk
0:14:56]} Kh6 {[%clk 0:02:58]} 70. Rh7# {[%clk 0:15:21]} 1-0

[Event "46th Greek Team Championship"]
[Site "chess24.com"]
[Date "2018.07.13"]
[Round "5"]
[White "Sourgkounis, Angelos"]
[Black "Sgouros, Apostolos"]
[Result "0-1"]
[Board "4"]
[WhiteElo "1976"]
[WhiteCountry "GRE"]
[WhiteFideId "4216962"]
[WhiteEloChange "-9"]
[BlackElo "2024"]
[BlackCountry "GRE"]
[BlackFideId "4222911"]
[BlackEloChange "9"]

1. Nf3 {[%clk 1:25:35]} d6 {[%clk 1:30:49]} 2. g3 {[%clk 1:24:49]} e5 {[%clk
1:31:09]} 3. d3 {[%clk 1:25:08]} f5 {[%clk 1:31:18]} 4. Bg2 {[%clk 1:25:08]} Nf6
{[%clk 1:31:29]} 5. O-O {[%clk 1:25:27]} g6 {[%clk 1:31:50]} 6. Nc3 {[%clk
1:24:25]} Bg7 {[%clk 1:31:24]} 7. e4 {[%clk 1:24:34]} O-O {[%clk 1:24:37]} 8.
exf5 {[%clk 1:23:33]} gxf5 {[%clk 1:24:59]} 9. d4 {[%clk 1:17:01]} e4 {[%clk
1:09:56]} 10. Ng5 {[%clk 1:17:25]} d5 {[%clk 1:10:04]} 11. Ne2 {[%clk 1:16:37]}
c6 {[%clk 0:58:56]} 12. b3 {[%clk 1:09:58]} Re8 {[%clk 0:55:03]} 13. c4 {[%clk
1:04:00]} Nbd7 {[%clk 0:54:17]} 14. Nh3 {[%clk 0:51:09]} Nf8 {[%clk 0:51:46]} 15.
Nhf4 {[%clk 0:50:17]} Ne6 {[%clk 0:51:06]} 16. Be3 {[%clk 0:48:59]} Bd7 {[%clk
0:43:42]} 17. Rc1 {[%clk 0:46:18]} Qe7 {[%clk 0:37:39]} 18. Qd2 {[%clk 0:44:06]}
Qf7 {[%clk 0:36:37]} 19. Rfd1 {[%clk 0:37:48]} Rad8 {[%clk 0:24:59]} 20. a4
{[%clk 0:33:34]} Bc8 {[%clk 0:24:34]} 21. Qa5 {[%clk 0:30:27]} a6 {[%clk
0:23:39]} 22. Nxe6 {[%clk 0:27:54]} Bxe6 {[%clk 0:23:27]} 23. Nf4 {[%clk
0:27:51]} h5 {[%clk 0:17:39]} 24. Qe1 {[%clk 0:25:33]} Kh7 {[%clk 0:13:53]} 25.
Nh3 {[%clk 0:20:44]} Qg6 {[%clk 0:12:08]} 26. Ng5+ {[%clk 0:12:50]} Kg8 {[%clk
0:12:25]} 27. Nh3 {[%clk 0:09:32]} h4 {[%clk 0:09:49]} 28. Nf4 {[%clk 0:09:05]}
Qh7 {[%clk 0:10:05]} 29. c5 {[%clk 0:08:16]} Bf7 {[%clk 0:09:02]} 30. b4 {[%clk
0:06:31]} Bh5 {[%clk 0:08:09]} 31. Nxh5 {[%clk 0:03:25]} Nxh5 {[%clk 0:07:51]}
32. Qe2 {[%clk 0:02:47]} f4 {[%clk 0:05:27]} 33. gxf4 {[%clk 0:02:18]} Qf5 {[%clk
0:04:15]} 34. h3 {[%clk 0:01:58]} Nxf4 {[%clk 0:03:45]} 35. Qg4 {[%clk 0:00:34]}
Qxg4 {[%clk 0:03:03]} 36. hxg4 {[%clk 0:01:02]} Ne2+ {[%clk 0:03:24]} 37. Kh2
{[%clk 0:01:31]} Nxc1 {[%clk 0:03:44]} 38. Rxc1 {[%clk 0:01:59]} Kf7 {[%clk
0:03:21]} 39. Kh3 {[%clk 0:01:58]} Rh8 {[%clk 0:03:07]} 40. Bf1 {[%clk 0:32:00]}
Rdf8 {[%clk 0:30:52]} 41. Be2 {[%clk 0:31:37]} Kg6 {[%clk 0:27:15]} 42. g5 {[%clk
0:27:04]} Rf7 {[%clk 0:20:27]} 43. Rb1 {[%clk 0:25:38]} Bf8 {[%clk 0:06:25]} 44.
b5 {[%clk 0:19:08]} axb5 {[%clk 0:06:50]} 45. axb5 {[%clk 0:19:34]} Be7 {[%clk
0:04:41]} 46. bxc6 {[%clk 0:18:11]} bxc6 {[%clk 0:05:06]} 47. Rg1 {[%clk
0:12:14]} Bd8 {[%clk 0:02:25]} 48. Rg4 {[%clk 0:09:29]} Rf5 {[%clk 0:02:06]} 49.
f4 {[%clk 0:06:29]} exf3 {[%clk 0:00:34]} 50. Bd3 {[%clk 0:06:54]} Rf8 {[%clk
0:00:50]} 51. Rxh4 {[%clk 0:05:21]} Bxg5 {[%clk 0:00:39]} 52. Rg4 {[%clk
0:04:50]} Kh5 {[%clk 0:00:57]} 53. Bxg5 {[%clk 0:04:31]} f2 {[%clk 0:01:17]} 54.
Be2 {[%clk 0:00:33]} Rf3+ {[%clk 0:00:47]} 55. Rg3 {[%clk 0:00:35]} f1Q+ {[%clk
0:01:01]} 56. Bxf1 {[%clk 0:00:51]} Rxg3+ {[%clk 0:01:07]} 57. Kxg3 {[%clk
0:01:17]} Rxf1 {[%clk 0:01:30]} 58. Bf4 {[%clk 0:01:22]} Kg6 {[%clk 0:00:49]} 59.
Kg4 {[%clk 0:01:15]} Re1 {[%clk 0:00:50]} 60. Be5 {[%clk 0:00:48]} Re4+ {[%clk
0:01:14]} 61. Kf3 {[%clk 0:01:14]} Kf5 {[%clk 0:01:39]} 62. Bg7 {[%clk 0:01:31]}
Re7 {[%clk 0:02:00]} 63. Bf8 {[%clk 0:00:31]} Rb7 {[%clk 0:02:12]} 64. Ke3 {[%clk
0:00:48]} Rb3+ {[%clk 0:02:32]} 65. Kd2 {[%clk 0:01:13]} 0-1

[Event "46th Greek Team Championship"]
[Site "chess24.com"]
[Date "2018.07.13"]
[Round "5"]
[White "Louka, Marianthi"]
[Black "Bellou, Nazareta"]
[Result "1-0"]
[Board "7"]
[WhiteElo "1465"]
[WhiteCountry "GRE"]
[WhiteFideId "4285026"]
[WhiteEloChange "4"]
[BlackElo "1211"]
[BlackCountry "GRE"]
[BlackFideId "25832522"]
[BlackEloChange "-4"]

1. e4 {[%clk 1:30:56]} c5 {[%clk 1:30:54]} 2. Nc3 {[%clk 1:31:22]} a6 {[%clk
1:31:06]} 3. g3 {[%clk 1:31:37]} b5 {[%clk 1:31:18]} 4. Bg2 {[%clk 1:31:21]} Bb7
{[%clk 1:31:33]} 5. d3 {[%clk 1:31:20]} e6 {[%clk 1:31:36]} 6. Nf3 {[%clk
1:31:09]} d6 {[%clk 1:30:21]} 7. O-O {[%clk 1:31:23]} Nf6 {[%clk 1:28:55]} 8. Bf4
{[%clk 1:22:46]} Nc6 {[%clk 1:06:56]} 9. Re1 {[%clk 1:13:16]} e5 {[%clk 1:04:09]}
10. Bg5 {[%clk 1:13:28]} Be7 {[%clk 1:02:00]} 11. Bxf6 {[%clk 1:12:41]} Bxf6
{[%clk 1:02:04]} 12. Nd5 {[%clk 1:13:05]} h5 {[%clk 0:59:03]} 13. c3 {[%clk
1:06:31]} g5 {[%clk 0:51:59]} 14. Qd2 {[%clk 1:04:20]} g4 {[%clk 0:41:49]} 15.
Nxf6+ {[%clk 1:04:14]} Qxf6 {[%clk 0:42:09]} 16. Nh4 {[%clk 1:04:30]} O-O-O
{[%clk 0:36:55]} 17. b4 {[%clk 1:01:20]} Ne7 {[%clk 0:31:43]} 18. Qe3 {[%clk
0:59:10]} c4 {[%clk 0:27:15]} 19. a4 {[%clk 0:54:25]} d5 {[%clk 0:19:51]} 20.
Qc5+ {[%clk 0:43:38]} Bc6 {[%clk 0:09:46]} 21. axb5 {[%clk 0:41:56]} axb5 {[%clk
0:09:52]} 22. exd5 {[%clk 0:36:45]} Nxd5 {[%clk 0:08:15]} 23. Ra8+ {[%clk
0:37:01]} Kc7 {[%clk 0:07:29]} 24. Rxd8 {[%clk 0:34:11]} Rxd8 {[%clk 0:06:11]}
25. dxc4 {[%clk 0:34:33]} bxc4 {[%clk 0:05:18]} 26. b5 {[%clk 0:34:37]} Qd6
{[%clk 0:03:23]} 27. Qxc4 {[%clk 0:31:36]} Qe6 {[%clk 0:02:56]} 28. Qxc6+ {[%clk
0:31:40]} Qxc6 {[%clk 0:03:13]} 29. bxc6 {[%clk 0:32:03]} Nxc3 {[%clk 0:03:12]}
30. Ra1 {[%clk 0:28:24]} e4 {[%clk 0:02:52]} 31. Kf1 {[%clk 0:28:15]} Kxc6 {[%clk
0:03:06]} 32. Rc1 {[%clk 0:28:30]} Rd1+ {[%clk 0:02:44]} 33. Rxd1 {[%clk
0:28:47]} Nxd1 {[%clk 0:02:49]} 34. Bxe4+ {[%clk 0:29:11]} Kd6 {[%clk 0:03:02]}
35. Bc2 {[%clk 0:28:52]} Nc3 {[%clk 0:03:13]} 36. Nf5+ {[%clk 0:29:07]} Ke5
{[%clk 0:03:07]} 37. Ng7 {[%clk 0:28:09]} Nd5 {[%clk 0:02:16]} 38. Nxh5 {[%clk
0:27:17]} f5 {[%clk 0:01:36]} 39. Bb3 {[%clk 0:26:38]} Ne7 {[%clk 0:01:32]} 40.
Nf4 {[%clk 0:55:44]} Nc6 {[%clk 0:31:22]} 41. Bd5 {[%clk 0:50:07]} Nd4 {[%clk
0:28:52]} 42. Bb7 {[%clk 0:49:55]} Nb3 {[%clk 0:25:44]} 43. Ng6+ {[%clk 0:49:38]}
Kf6 {[%clk 0:25:50]} 44. Nh4 {[%clk 0:49:53]} Kg5 {[%clk 0:24:42]} 45. Ng2 {[%clk
0:48:18]} Nd4 {[%clk 0:22:32]} 46. Ke1 {[%clk 0:48:31]} Kg6 {[%clk 0:19:01]} 47.
Kd2 {[%clk 0:48:42]} Kf6 {[%clk 0:19:00]} 48. Ke3 {[%clk 0:48:01]} Ke5 {[%clk
0:18:53]} 49. Nh4 {[%clk 0:47:19]} Nb5 {[%clk 0:17:20]} 50. Bc6 {[%clk 0:46:05]}
Nd6 {[%clk 0:17:02]} 51. Bd7 {[%clk 0:42:32]} Nc4+ {[%clk 0:15:44]} 52. Kd3
{[%clk 0:42:45]} Nd6 {[%clk 0:16:05]} 53. Bxf5 {[%clk 0:41:09]} Nxf5 {[%clk
0:16:17]} 54. Nxf5 {[%clk 0:41:35]} Kxf5 {[%clk 0:16:42]} 55. Ke3 {[%clk
0:42:01]} Kg5 {[%clk 0:16:26]} 56. Ke4 {[%clk 0:42:24]} Kg6 {[%clk 0:16:13]} 57.
Kf4 {[%clk 0:42:46]} Kh5 {[%clk 0:16:32]} 58. Kf5 {[%clk 0:43:08]} 1-0